Tous les sites UNESCO du Portugal sur une carte - Statistiques

Statistiques générales
  • Ce quiz a été pris 50 fois
  • Le résultat moyen est 8 sur 17
Réponses sur la Carte
Les réponses sont colorées sur une échelle allant du rouge au vert en fonction du pourcentage des utilisateurs qui les ont devinées à leur premier essai. Vous pouvez retrouver ces pourcentages ci-dessous.
 
Statistiques - réponses
Réponse % Correct
Forêt Laurifère de Madère
85%
Monastère des Hiéronymites et tour de Belém à Lisbonne
74%
Centre historique de Porto, Pont Luiz I et Monastère de Serra do Pilar
71%
Centre d'Angra do Heroismo aux Açores
65%
Région viticole du Haut-Douro
56%
Paysage culturel de Sintra
53%
Centre historique d'Évora
50%
Université de Coimbra
50%
Paysage viticole de l’île du Pico
47%
Sanctuaire du Bon Jésus du Mont à Braga
47%
Ville de garnison frontalière d’Elvas
44%
Centre historique de Guimarães et zone du Couros
38%
Édifice royal de Mafra
29%
Couvent du Christ à Tomar
26%
Monastère d'Alcobaça
26%
Monastère de Batalha
24%
Sites d’art rupestre préhistorique de la vallée de Côa et de Siega Verde
12%
Aucun quiz correspondant
Distribution des résultats
% des personnes avec chaque résultat
Percentile par nombre de réponses
Votre historique - résultats
Vous n’avez pas pris ce quiz